<?xml version="1.0" encoding="UTF-8"?>
<record
    xmlns:xsi="http://www.w3.org/2001/XMLSchema-instance"
    xsi:schemaLocation="http://www.loc.gov/MARC21/slim http://www.loc.gov/standards/marcxml/schema/MARC21slim.xsd"
    xmlns="http://www.loc.gov/MARC21/slim">

  <leader>01140nam a2200265 a 4500</leader>
  <controlfield tag="001">1944244</controlfield>
  <controlfield tag="003">000010</controlfield>
  <controlfield tag="005">20220326193246.0</controlfield>
  <controlfield tag="008">900519s1985    bl a          100 0 por  </controlfield>
  <datafield tag="010" ind1=" " ind2=" ">
    <subfield code="a">   86221489 </subfield>
  </datafield>
  <datafield tag="020" ind1=" " ind2=" ">
    <subfield code="a">8570190956</subfield>
  </datafield>
  <datafield tag="040" ind1=" " ind2=" ">
    <subfield code="a">DLC</subfield>
    <subfield code="c">DLC</subfield>
  </datafield>
  <datafield tag="050" ind1="0" ind2="0">
    <subfield code="a">NA2542.T7</subfield>
    <subfield code="b">A77 1985</subfield>
  </datafield>
  <datafield tag="082" ind1=" " ind2=" ">
    <subfield code="a">720.47</subfield>
    <subfield code="b">N117a</subfield>
  </datafield>
  <datafield tag="245" ind1="0" ind2="0">
    <subfield code="a">Arquitetura nos tr&#xF3;picos :</subfield>
    <subfield code="b">anais do primeiro semin&#xE1;rio nacional /</subfield>
    <subfield code="c">Prefeitura da Cidade do Recife ; Funda&#xE7;&#xE3;o Joaquim Nabuco.</subfield>
  </datafield>
  <datafield tag="260" ind1=" " ind2=" ">
    <subfield code="a">Recife :</subfield>
    <subfield code="b">Funda&#xE7;&#xE3;o Joaquim Nabuco, Editora Massangana,</subfield>
    <subfield code="c">1985.</subfield>
  </datafield>
  <datafield tag="300" ind1=" " ind2=" ">
    <subfield code="a">161 p. :</subfield>
    <subfield code="b">ill. ;</subfield>
    <subfield code="c">24 cm.</subfield>
  </datafield>
  <datafield tag="440" ind1=" " ind2="0">
    <subfield code="a">S&#xE9;rie Cursos e confer&#xEA;ncias ;</subfield>
    <subfield code="v">23</subfield>
    <subfield code="9">150</subfield>
  </datafield>
  <datafield tag="500" ind1=" " ind2=" ">
    <subfield code="a">Papers from the I Semin&#xE1;rio Nacional sobre Arquitetura nos Tr&#xF3;picos, held Sept. 18-20, 1984, and sponsored by the Funda&#xE7;&#xE3;o Joaquim Nabuco, Recife, Brazil.</subfield>
  </datafield>
  <datafield tag="650" ind1=" " ind2="0">
    <subfield code="a">Architecture, Tropical</subfield>
    <subfield code="x">Congresses.</subfield>
    <subfield code="9">151</subfield>
  </datafield>
  <datafield tag="650" ind1=" " ind2="0">
    <subfield code="a">Arquitectura tropical</subfield>
    <subfield code="x">Portugu&#xE9;s </subfield>
    <subfield code="9">152</subfield>
  </datafield>
  <datafield tag="710" ind1="2" ind2=" ">
    <subfield code="a">Funda&#xE7;&#xE3;o Joaquim Nabuco.</subfield>
    <subfield code="9">153</subfield>
  </datafield>
  <datafield tag="711" ind1="2" ind2=" ">
    <subfield code="a">Semin&#xE1;rio Nacional sobre Arquitetura nos Tr&#xF3;picos</subfield>
    <subfield code="n">(1st :</subfield>
    <subfield code="d">1984 :</subfield>
    <subfield code="c">Recife, Brazil)</subfield>
    <subfield code="9">154</subfield>
  </datafield>
  <datafield tag="906" ind1=" " ind2=" ">
    <subfield code="a">7</subfield>
    <subfield code="b">cbc</subfield>
    <subfield code="c">orignew</subfield>
    <subfield code="d">4</subfield>
    <subfield code="e">ncip</subfield>
    <subfield code="f">19</subfield>
    <subfield code="g">y-gencatlg</subfield>
  </datafield>
  <datafield tag="999" ind1=" " ind2=" ">
    <subfield code="c">23</subfield>
    <subfield code="d">23</subfield>
  </datafield>
  <datafield tag="952" ind1=" " ind2=" ">
    <subfield code="0">0</subfield>
    <subfield code="1">0</subfield>
    <subfield code="2">ddc</subfield>
    <subfield code="4">0</subfield>
    <subfield code="7">0</subfield>
    <subfield code="a">LV</subfield>
    <subfield code="b">LV</subfield>
    <subfield code="c">Pensamiento</subfield>
    <subfield code="d">2014-02-17</subfield>
    <subfield code="l">0</subfield>
    <subfield code="o">720.47 N117a</subfield>
    <subfield code="p">000010</subfield>
    <subfield code="r">2014-02-17 00:00:00</subfield>
    <subfield code="w">2014-02-17</subfield>
    <subfield code="y">01</subfield>
  </datafield>
</record>
